New Jeans In Every MV - Statistics

General Stats
  • This quiz has been taken 156 times
  • The average score is 8 of 11
Answer Stats
Picture Answer % Correct
Ditto
92%
ETA
90%
OMG
89%
New Jeans
79%
Hype Boy
75%
Bubble Gum
70%
How Sweet
70%
Attention
67%
ASAP
63%
Right Now
60%
Supernatural
44%
No matching quizzes found
Score Distribution
Percent of People with Each Score
Percentile by Number Answered
Your Score History
You have not taken this quiz